000 00699nam a2200241 a 4500
001 BRCA_7855
005 20190320210027.0
008 151113s1930----cc-a######---#000-0#fre-#
041 _afre
044 _acc
050 4 _aDS715
_b.H68 1930
100 1 _aHouo-Hing-Tse, Paul
_919442
245 1 0 _aPreuves des antiquites
_cpar Paul Houo-Hing-Tse.
260 _aPekin
_b[s.n.]
_c1930
300 _a676 p.
_bil., láminas, retratos
_c40 cm.
500 _aY79
501 _aCon: Chronique des dynasties chinoises / par Houo-Hing-Tse
651 4 _aChina
_xAntigüedades
_919443
651 4 _aChina
_xHistoria
_919444
740 0 _aChronique des dynasties chinoises
902 _aGFM
942 _2lcc
_cB
999 _c7529
_d7529